000 01600nam a2200289 a 4500
003 CL-SaCFP
005 20260210165909.0
008 161221s2016 amca 000 0 spa d
020 _a9789567402717
040 _cCL
082 0 4 _a635.9 S586 2016
_221
100 1 _aSilva Vargas, Raúl,
_d1934-
245 1 0 _a500 preguntas sobre el jardín /
_cRaúl Silva Vargas.
246 0 3 _aQuinientas preguntas sobre el jardín
246 3 0 _aPreguntas sobre el jardín
250 _aPrimera edición: noviembre 2016
260 _aSantiago de Chile :
_bEdiciones El Mercurio,
_c2016
_e(Chile :
_fSalesianos Impresores)
300 _a416 páginas :
_bilustraciones en color ;
_c23 cm.
500 _aIncluye índice.
505 2 _aConocer. Geeneralidades, hábitos y características de las plantas -- Labores. Cuidados y mantención -- Plantas. Elección según suelo, clíma y sol -- Suelos. Típos, preparación y abonos -- Enfermedades y plagas. Control y prevención -- Índice de preguntas por capítulo.
520 3 _aUna completa guía, tanto para aficionados como para expertos de la jardinería es este nuevo libro del reconocido agrónomo Raúl Silva Vargas. Con un lenguaje simple y preciso, el autor reúne aquí las inquitudes más significativas que le han realizado a lo largo de sus más de 40 años de trayectoria. Cómo sembrar, cuándo podar, qué hacer para combatir ciertas plagas o cómo reproducir o trasplantar tal especie... -- Contracubierta.
650 7 _aJardinería
650 7 _aPlantas ornamentales
650 7 _aFloricultura
942 _2ddc
_cLIBRO
949 _ac
_bn
999 _c16316
_d16316